|
|
|
|
| LEADER |
00000naa a2200000uu 4500 |
| 001 |
vtls010921786 |
| 003 |
SK-MaSNL |
| 005 |
20260302131357.0 |
| 008 |
220808|1990 xo |||||||||||||||||slo| |
| 015 |
|
|
|a SNBRA
|
| 035 |
|
|
|a (urnnbn)urn:nbn:sk:snk:ar-a0d0h5
|
| 035 |
|
|
|a (uuid)1dedacf4-0355-433c-9393-a4066f0a4ee2
|
| 035 |
|
|
|a urn:nbn:sk:snk-aatp6m
|
| 040 |
|
|
|a SNKBUCL
|b slo
|c SNKBUCL
|e AACR2
|
| 041 |
0 |
|
|a slo
|
| 044 |
|
|
|a xo
|c SK
|
| 245 |
0 |
0 |
|a MINGOTTI, Angelo
|b taliansky operný podnikateľ (okolo 1700 - po 1767)
|
| 655 |
|
7 |
|a biografické heslá
|2 SNKPH
|9 368942
|
| 773 |
0 |
|
|t Slovenský biografický slovník : (od roku 833 do roku 1990). IV. zväzok, M-Q
|d Martin : Matica slovenská, 1990
|g S. 192
|z 8070900709 viaz
|
| 954 |
|
|
|a odborná, vedecká literatúra pôvodná (slovenská)
|2 lita
|
| 958 |
|
|
|a BX
|
| 958 |
|
|
|a OND
|
| 958 |
|
|
|a chapter
|
| 958 |
|
|
|a article25
|
| 999 |
|
|
|c 1306549
|d 1308479
|